| 000 | 00708nam a2200193Ii 4500 | ||
|---|---|---|---|
| 003 | JO-AjNU | ||
| 008 | 230605s9999||||xx |||||||||||||| ||und|| | ||
| 040 |
_aJO-AjNU _bara _erda _cJO-AjNU |
||
| 041 | _aara | ||
| 050 | 1 | 4 | _aRA644.I6.B326 2006 |
| 100 | 3 |
_aبديع، محمود, _eauthor _939971 |
|
| 245 | 0 | 0 | _aوباء انفلونزا الطيور الخطر القادم ماهو الوباء الاعراض الوقاية منه |
| 264 | 3 | 1 | _aعمان:المكتبة الوطنية ، 2006 |
| 300 | _a190ص | ||
| 336 |
_atext _btxt _2rdacontent |
||
| 337 |
_aunmediated _bn _2rdamedia |
||
| 338 |
_avolume _bnc _2rdacarrier |
||
| 650 | 4 |
_aانفلونزا الطيور - طيور -امراض _939972 |
|
| 999 |
_aA16925 _c20493 _d20493 |
||